SANTHAPAVRIKSHAM (Record no. 9039)
[ view plain ]
| 000 -LEADER | |
|---|---|
| fixed length control field | 00229nam a22001097a 4500 |
| 082 ## - DEWEY DECIMAL CLASSIFICATION NUMBER | |
| Classification number | 894.812.3 |
| Item number | JAY/S |
| 100 ## - MAIN ENTRY--AUTHOR NAME | |
| Personal name | JAYAKUMAR |
| 245 ## - TITLE STATEMENT | |
| Title | SANTHAPAVRIKSHAM |
| 246 ## - VARYING FORM OF TITLE | |
| Title proper/short title | SANTHAPAVRIKSHAM |
| 650 ## - SUBJECT ADDED ENTRY--TOPICAL TERM | |
| Topical Term | MALAYALAM STORY |
| 942 ## - ADDED ENTRY ELEMENTS (KOHA) | |
| Koha item type | Books |
| Withdrawn status | Lost status | Collection code | Home library | Current library | Date acquired | Full call number | Accession Number | Koha item type |
|---|---|---|---|---|---|---|---|---|
| Missing | Fiction | Main Library | Main Library | 17/05/2004 | 894.812.3 JAY/S | 01061 | Books |